Vista normal Vista MARC

Entrada Topical Term

Número de registros utilizados en: 1

001 - CONTROL NUMBER

  • control field: 25630

003 - CONTROL NUMBER IDENTIFIER

  • control field: OSt

005 - DATE AND TIME OF LATEST TRANSACTION

  • control field: 20230915231143.0

008 - FIXED-LENGTH DATA ELEMENTS

  • fixed length control field: 230915|| aca||aabn | a|a d

040 ## - CATALOGING SOURCE

  • Original cataloging agency: OSt
  • Transcribing agency: OSt

150 ## - HEADING--TOPICAL TERM

  • Topical term or geographic name entry element: RESOLUCION DE CONFLICTOS - TEORIAS

670 ## - SOURCE DATA FOUND

  • Source citation: Work cat.: (OSt)27428: Ury, William L. 25629, Alcanzar la paz . Diez caminos para resolver conflictos en la casa , el trabajo y el mundo, Paidos









Instituto Departamental de Cultura del Meta - Red Departamental de Bibliotecas Públicas del Meta.